00693pab a2200133 454500008004000000100002200040245003800062260000900100300001700109362001100126520036700137650002100504773003400525180718b2002 xxu||||| |||| 00| 0 eng d aRao, S. Srinivasa aDalits in education and workforce c2002 ap.2998-3000. a20 Jul aDespite constitutional provisions and safeguards, dalit representation in higher educational institutes and in the workforce remains largely minimal. State intiated programmes and policies apart, it is also essential, as a recent conference in Bhopal highlighted, to instill respect for diversity and a greater understanding of the disadvantaged. - Reproduced. aBackward classes aEconomic and Political Weekly